[Event "ch-CHN w 2016"]
[Site "Xinghua CHN"]
[Date "2016.04.17"]
[Round "1.1"]
[White "Yuan, Ye"]
[Black "Zhai, Mo"]
[Result "0-1"]
[BlackTitle "WGM"]
[WhiteElo "2212"]
[BlackElo "2371"]
[WhiteFideId "8608415"]
[BlackFideId "8600201"]
[EventDate "2016.04.17"]

1. d4 Nf6 2. c4 e6 3. g3 d5 4. Nf3 Bb4+ 5. Bd2 Be7 6. Bg2 c6 7. O-O O-O 8. Qc2
b6 9. Rd1 Bb7 10. Bg5 Nbd7 11. Nc3 h6 12. Bxf6 Nxf6 13. cxd5 cxd5 14. Rac1 Rc8
15. Qb3 Ne4 16. Ne5 Bf6 17. Nb5 Rxc1 18. Rxc1 a6 19. Na3 b5 20. Qc2 Bxe5 21.
dxe5 Qb8 22. Bxe4 dxe4 23. Qc7 Qa8 24. Qb6 Bd5 25. b3 Rc8 26. Qe3 Qb8 27. Rxc8+
Qxc8 28. Qd2 Qc7 29. Qb2 e3 30. f3 Qc5 31. b4 Qb6 32. Nc2 g5 33. Qc3 Bxa2 34.
Nxe3 Bc4 35. Kg2 Bxe2 36. Ng4 Qd8 37. Qc2 Bd3 38. Qd1 Qd4 39. Nf2 Qxb4 40. Qxd3
Qb2 41. Qd8+ Kg7 42. Qf6+ Kg8 43. h4 gxh4 44. gxh4 b4 45. Kg3 Qd2 46. Qf4 Qe1
47. Qd4 Qg1+ 48. Kh3 b3 49. Qb2 a5 50. Ng4 Qf1+ 51. Kg3 Qe1+ 52. Kg2 Qd1 53. Ne3
Qd3 54. Kf2 a4 55. h5 a3 56. Qxa3 Qd2+ 57. Kg3 Qxe3 58. Qa8+ Kg7 59. Qb8 Qg5+
60. Kh3 Qxh5+ 61. Kg3 Qg5+ 62. Kh3 Qf5+ 63. Kg3 Qc2 64. Qd8 Qg6+ 0-1

[Event "ch-CHN w 2016"]
[Site "Xinghua CHN"]
[Date "2016.04.17"]
[Round "1.2"]
[White "Wang, Jue"]
[Black "Lei, Tingjie"]
[Result "1/2-1/2"]
[WhiteTitle "WGM"]
[BlackTitle "WGM"]
[WhiteElo "2380"]
[BlackElo "2504"]
[WhiteFideId "8604070"]
[BlackFideId "8605114"]
[EventDate "2016.04.17"]

1. e4 e5 2. Nf3 Nf6 3. Nxe5 d6 4. Nf3 Nxe4 5. d4 d5 6. Bd3 Nc6 7. O-O Be7 8. c4
Nb4 9. Be2 O-O 10. a3 Nc6 11. cxd5 Qxd5 12. Nc3 Nxc3 13. bxc3 Bf5 14. Re1 Rfe8
15. Bf4 Rac8 16. h3 h6 17. g4 Bg6 18. Bd3 Bxd3 19. Qxd3 Qd7 20. d5 Rcd8 21. Rad1
Na5 22. Ne5 Qa4 23. Nxf7 Kxf7 24. Bxc7 Bf6 25. Bxd8 Rxd8 26. Re6 Qf4 27. Rde1
Nb3 28. d6 Nc5 29. Re7+ Bxe7 30. Rxe7+ Kg8 31. Qd5+ Kh8 32. Qxc5 Rxd6 33. Qc8+
Kh7 34. Qxb7 Rg6 35. Qe4 Qxe4 36. Rxe4 Ra6 37. a4 Rc6 38. Kg2 Kg6 39. f4 Kf6 40.
f5 Rxc3 41. Re6+ Kf7 42. Ra6 Rc2+ 43. Kg3 Rc3+ 44. Kh4 g5+ 45. fxg6+ Kg7 46.
Rxa7+ Kxg6 47. Ra6+ Kg7 48. Ra7+ Kg6 49. a5 Ra3 50. Ra8 Kh7 51. Ra7+ Kg6 52.
Ra6+ Kg7 53. Ra8 Kh7 54. a6 Kg6 55. Ra7 Ra4 56. Kg3 Ra3+ 57. Kf4 Rxh3 58. Rd7
Ra3 59. Rd6+ Kg7 60. Kf5 Ra5+ 61. Kf4 Ra4+ 62. Kg3 Kh7 63. Kh4 Kg7 64. Rb6 Kh7
65. Kg3 Kg7 66. Kf3 Kh7 67. Rc6 Kg7 68. Rd6 Kh7 69. Kg3 Kg7 70. Re6 Kh7 71. Kf3
Kg7 72. Rb6 Kh7 73. Rc6 Kg7 74. Rb6 Kh7 75. Kg3 Kg7 76. Kh4 Kh7 77. Rd6 Kg7 78.
Rc6 Kh7 79. Kg3 Kg7 80. Kf3 Kh7 81. Rd6 Kg7 82. Rc6 Kh7 83. Re6 Kg7 84. Ke3 Rxg4
85. Re4 Rg3+ 86. Kd4 Ra3 87. Re6 h5 88. Ke5 h4 1/2-1/2

[Event "ch-CHN w 2016"]
[Site "Xinghua CHN"]
[Date "2016.04.17"]
[Round "1.3"]
[White "Wang, Doudou"]
[Black "Zhu, Jiner"]
[Result "1/2-1/2"]
[WhiteTitle "WIM"]
[WhiteElo "2234"]
[BlackElo "2095"]
[WhiteFideId "8603197"]
[BlackFideId "8608059"]
[EventDate "2016.04.17"]

1. d4 Nf6 2. c4 e6 3. Nf3 d5 4. Nc3 Bb4 5. cxd5 exd5 6. Bg5 Nbd7 7. Qb3 c5 8. a3
Bxc3+ 9. Qxc3 h6 10. Bxf6 Qxf6 11. Qe3+ Qe7 12. Qxe7+ Kxe7 13. dxc5 Nxc5 14. Rc1
Ne6 15. e3 Rd8 16. Nd4 Nxd4 17. exd4 Bf5 18. Kd2 Rac8 19. Bb5 a6 20. Be2 Kd6 21.
Rxc8 Rxc8 22. Rc1 Rxc1 23. Kxc1 a5 24. Kd2 b6 25. Ke3 Bc2 26. Kf4 Be4 27. f3 Bc2
28. h4 g6 29. Bb5 Ke6 30. g4 Kf6 31. Kg3 Ke6 32. Kf4 Kf6 33. Kg3 Ke6 34. Kf4 1/2-1/2

[Event "ch-CHN w 2016"]
[Site "Xinghua CHN"]
[Date "2016.04.17"]
[Round "1.4"]
[White "Hong, Xing"]
[Black "Xiao, Yiyi"]
[Result "0-1"]
[BlackTitle "WFM"]
[WhiteElo "1986"]
[BlackElo "2222"]
[WhiteFideId "8606129"]
[BlackFideId "8606161"]
[EventDate "2016.04.17"]

1. e4 e5 2. d4 exd4 3. Nf3 Nf6 4. e5 Ne4 5. Qxd4 d5 6. exd6 Nxd6 7. Bg5 Nc6 8.
Bxd8 Nxd4 9. Nxd4 Kxd8 10. Nc3 c6 11. O-O-O Kc7 12. Bd3 Be7 13. Rhe1 Bf6 14. Ne4
Nxe4 15. Bxe4 g6 16. f4 Bd7 17. Nf3 Bg7 18. Bd3 Rae8 19. Bc4 Bh6 20. Bxf7 Bxf4+
21. Kb1 Rxe1 22. Rxe1 Rd8 23. g3 Rf8 24. gxf4 Rxf7 25. Re4 Bf5 26. Ra4 Re7 27.
b3 Re3 28. Nd4 Re4 29. Nxf5 Rxa4 30. bxa4 gxf5 31. Kb2 Kd6 32. Kc3 Kd5 33. Kd3
b5 34. c3 a5 35. axb5 cxb5 36. Ke3 Kc4 37. Kd2 a4 38. Kc2 b4 39. cxb4 Kxb4 40.
Kb2 a3+ 41. Kb1 Kc3 0-1

[Event "ch-CHN w 2016"]
[Site "Xinghua CHN"]
[Date "2016.04.17"]
[Round "1.5"]
[White "Gu, Tianlu"]
[Black "Tan, Zhongyi"]
[Result "1/2-1/2"]
[WhiteTitle "WIM"]
[BlackTitle "WGM"]
[WhiteElo "2255"]
[BlackElo "2518"]
[WhiteFideId "8603995"]
[BlackFideId "8603642"]
[EventDate "2016.04.17"]

1. e4 d6 2. d4 Nf6 3. Nc3 g6 4. Be2 Bg7 5. Nf3 O-O 6. O-O c6 7. h3 Qc7 8. e5
dxe5 9. Nxe5 Rd8 10. Bc4 e6 11. Bg5 h6 12. Bf4 b5 13. Bb3 Qb7 14. Qf3 Rxd4 15.
Rad1 Rxd1 16. Rxd1 Nbd7 17. Nxc6 Kh7 18. a4 a6 19. a5 Nc5 20. Bxh6 Kxh6 21. Qe3+
Kh7 22. Qxc5 Bd7 23. Ne5 Be8 24. Qe3 Qc7 25. Ng4 Nxg4 26. hxg4 Qxa5 27. Ne4 Rd8
28. Rxd8 Qxd8 29. c3 Kg8 30. g5 Bc6 31. Nc5 Qd6 32. Nxa6 Bxg2 33. Kxg2 Qxa6 34.
Qe4 Qd6 35. Qe3 Be5 36. Qe4 Kg7 37. Qe2 Qc6+ 38. Qf3 Qc5 39. Qe3 Qc7 40. Qe2 Qb8
41. Bc2 Bf4 42. Bd3 Qh8 43. Qg4 Qh2+ 44. Kf1 Qh1+ 45. Ke2 Qc1 46. Bxb5 Qxb2+ 47.
Kf3 e5 48. c4 Qc1 49. Qd7 Qh1+ 50. Ke2 Qe4+ 51. Kd1 Bxg5 52. Qd5 Qf4 53. f3 Qc1+
54. Ke2 Qe3+ 55. Kd1 Qc1+ 56. Ke2 Qb2+ 57. Kd1 Qb1+ 58. Ke2 Qc2+ 59. Kf1 Bf4 60.
Be8 f6 61. Qd7+ Kh6 62. Qh3+ Kg5 63. Qg4+ Kh6 64. Qh3+ Kg7 65. Qd7+ Kh8 66. Qh3+
Kg8 67. Qe6+ Kh7 1/2-1/2

[Event "ch-CHN w 2016"]
[Site "Xinghua CHN"]
[Date "2016.04.17"]
[Round "1.6"]
[White "Zhang, Xiaowen"]
[Black "Guo, Qi"]
[Result "0-1"]
[WhiteTitle "WGM"]
[BlackTitle "IM"]
[WhiteElo "2374"]
[BlackElo "2436"]
[WhiteFideId "8603219"]
[BlackFideId "8604002"]
[EventDate "2016.04.17"]

1. e4 c6 2. Nc3 d5 3. Nf3 Bg4 4. h3 Bxf3 5. Qxf3 e6 6. d4 Nf6 7. Bd3 dxe4 8.
Nxe4 Nxe4 9. Qxe4 Qd5 10. Qe3 Nd7 11. O-O Be7 12. c4 Qd6 13. Bd2 Bf6 14. Bc3 c5
15. dxc5 Qxc5 16. Qxc5 Nxc5 17. Bxf6 gxf6 18. Bc2 Ke7 19. Rfd1 Rad8 20. b4 Nd7
21. c5 f5 22. Rd3 Ne5 23. Rxd8 Rxd8 24. Rd1 Rxd1+ 25. Bxd1 Nc6 26. a3 a5 27. b5
Nd4 28. b6 Kd8 29. Ba4 Ne2+ 30. Kf1 Nc3 31. Be8 Ne4 32. c6 bxc6 33. Bxc6 Nd2+
34. Ke2 Nc4 35. g4 fxg4 36. hxg4 h6 37. b7 Kc7 38. f4 Nd6 39. Ke3 Nxb7 40. Bf3
Nd8 41. Kd4 Kd6 42. Kc4 Nc6 43. Be4 Ne7 44. Bf3 Ng6 45. Kb5 Nxf4 46. Kxa5 Kc5
47. a4 Nd3 48. Ka6 Ne5 49. Be2 Kb4 50. Bb5 Nxg4 51. Kb6 Ne3 52. Kc6 h5 53. Kd6
h4 54. Ke7 h3 55. Be2 Nf5+ 56. Kxf7 Ng3 0-1

[Event "ch-CHN w 2016"]
[Site "Xinghua CHN"]
[Date "2016.04.18"]
[Round "2.1"]
[White "Zhai, Mo"]
[Black "Guo, Qi"]
[Result "1-0"]
[WhiteTitle "WGM"]
[BlackTitle "IM"]
[WhiteElo "2371"]
[BlackElo "2436"]
[WhiteFideId "8600201"]
[BlackFideId "8604002"]
[EventDate "2016.04.17"]

1. d4 d5 2. c4 e6 3. Nc3 Be7 4. Nf3 Nf6 5. Bg5 O-O 6. e3 Nbd7 7. Qc2 h6 8. Bh4
c5 9. Rd1 cxd4 10. Nxd4 a6 11. a3 dxc4 12. Bxc4 Nd5 13. Nxd5 Bxh4 14. Nf4 Qa5+
15. b4 Qxa3 16. Ndxe6 Ne5 17. Nxf8 Qxe3+ 18. Kf1 Qxf4 19. Qh7+ Kxf8 20. Qh8+ 1-0

[Event "ch-CHN w 2016"]
[Site "Xinghua CHN"]
[Date "2016.04.18"]
[Round "2.2"]
[White "Tan, Zhongyi"]
[Black "Zhang, Xiaowen"]
[Result "1-0"]
[WhiteTitle "WGM"]
[BlackTitle "WGM"]
[WhiteElo "2518"]
[BlackElo "2374"]
[WhiteFideId "8603642"]
[BlackFideId "8603219"]
[EventDate "2016.04.17"]

1. d4 e6 2. c4 Nf6 3. Nc3 d5 4. Bg5 Be7 5. e3 h6 6. Bxf6 Bxf6 7. Nf3 O-O 8. Qc2
c5 9. dxc5 dxc4 10. Bxc4 Nd7 11. c6 bxc6 12. O-O Qb6 13. Rac1 Nc5 14. b3 a5 15.
Rfd1 Bb7 16. Ne2 a4 17. Nf4 axb3 18. axb3 Rfd8 19. Nh5 Be7 20. Ne5 Rxd1+ 21.
Qxd1 Qc7 22. f4 Bf8 23. Qg4 Kh8 24. b4 Ne4 25. Rd1 Ba6 26. Bxe6 fxe6 27. Qxe6
Be2 28. Ng6+ Kh7 29. Nxf8+ Rxf8 30. Rd7 Qxd7 31. Qxd7 Bxh5 32. g4 Nf6 33. Qd6
Re8 34. gxh5 Rxe3 35. Qxc6 Nxh5 36. Qc2+ Kg8 37. Qc5 Re1+ 38. Kf2 Nxf4 39. Qc8+ 1-0

[Event "ch-CHN w 2016"]
[Site "Xinghua CHN"]
[Date "2016.04.18"]
[Round "2.3"]
[White "Xiao, Yiyi"]
[Black "Gu, Tianlu"]
[Result "1-0"]
[WhiteTitle "WFM"]
[BlackTitle "WIM"]
[WhiteElo "2222"]
[BlackElo "2255"]
[WhiteFideId "8606161"]
[BlackFideId "8603995"]
[EventDate "2016.04.17"]

1. d4 d5 2. c4 e6 3. Nf3 c6 4. g3 dxc4 5. Bg2 b5 6. O-O Bb7 7. Ne5 Nf6 8. a4 Qc8
9. b3 cxb3 10. Qxb3 b4 11. a5 c5 12. Qa4+ Nbd7 13. Bxb7 Qxb7 14. Bb2 cxd4 15.
Bxd4 Bd6 16. Rd1 Bxe5 17. Bxe5 O-O 18. Bd6 Rfc8 19. Qxb4 Qc6 20. Qa4 Nd5 21. Bf4
N7f6 22. Qxc6 Rxc6 23. Nd2 Nxf4 24. gxf4 Nd5 25. e3 g6 26. Nf3 Rac8 27. Rdb1 a6
28. Rb7 R8c7 29. Rab1 Kf8 30. Ne5 Rxb7 31. Rxb7 Rc7 32. Rb8+ Kg7 33. Ra8 Nb4 34.
Kg2 f6 35. Nf3 Re7 36. Rc8 e5 37. fxe5 fxe5 38. Ng5 h6 39. Ne4 h5 40. h4 Kf7 41.
Rc4 Nd5 42. Rc6 Ra7 43. Ng5+ Kg7 44. Re6 Nb4 45. Rxe5 Rd7 46. Re6 Rd2 47. Rb6
Nd5 48. Rb7+ Kg8 49. Kf3 Ra2 50. Ne6 Rxa5 51. Rg7+ Kh8 52. Rxg6 Ne7 53. Rh6+ Kg8
54. Nf4 Kg7 55. Rxh5 Rxh5 56. Nxh5+ Kh6 57. Nf4 a5 58. Kg4 a4 59. Nd3 Nd5 60. e4
a3 61. Nc1 Nb4 62. f4 a2 63. Nb3 Nd3 64. Kf5 Kh5 65. e5 Nc5 66. Na1 Kxh4 67. e6
Na6 68. e7 Nc7 69. Kg6 Kg4 70. f5 Ne8 71. f6 Kf4 72. f7 1-0

[Event "ch-CHN w 2016"]
[Site "Xinghua CHN"]
[Date "2016.04.18"]
[Round "2.4"]
[White "Zhu, Jiner"]
[Black "Hong, Xing"]
[Result "1-0"]
[WhiteElo "2095"]
[BlackElo "1986"]
[WhiteFideId "8608059"]
[BlackFideId "8606129"]
[EventDate "2016.04.17"]

1. e4 c5 2. Nf3 e6 3. d4 cxd4 4. Nxd4 Nc6 5. Nc3 Nf6 6. Ndb5 Bb4 7. Bf4 O-O 8.
Bc7 Qe7 9. Bd6 Bxd6 10. Qxd6 a6 11. Qxe7 Nxe7 12. Nd6 b5 13. O-O-O Rb8 14. Be2
Bb7 15. Nxb7 Rxb7 16. e5 Ne8 17. a4 Ng6 18. axb5 axb5 19. Bxb5 Nxe5 20. Rhe1 Ng4
21. Rxd7 Rxd7 22. Bxd7 Nef6 23. h3 Nxd7 24. hxg4 f5 25. gxf5 exf5 26. Nd5 h5 27.
Re7 Nf6 28. Nf4 Kh7 29. f3 Kh6 30. Ne6 Rg8 31. c4 g5 32. c5 h4 33. Nd4 Kg6 34.
Re5 f4 35. c6 Rc8 36. b4 g4 37. fxg4 Nxg4 38. Re6+ Kf7 39. b5 f3 40. gxf3 Nf6
41. b6 Nd5 42. b7 Rh8 43. Rh6 Rxh6 44. b8=Q h3 45. Qh2 Ke8 46. Kd2 1-0

[Event "ch-CHN w 2016"]
[Site "Xinghua CHN"]
[Date "2016.04.18"]
[Round "2.5"]
[White "Lei, Tingjie"]
[Black "Wang, Doudou"]
[Result "1-0"]
[WhiteTitle "WGM"]
[BlackTitle "WIM"]
[WhiteElo "2504"]
[BlackElo "2234"]
[WhiteFideId "8605114"]
[BlackFideId "8603197"]
[EventDate "2016.04.17"]

1. Nf3 d5 2. g3 Nc6 3. Bg2 e5 4. d3 Nf6 5. O-O Be7 6. c3 O-O 7. Qc2 h6 8. e4 Be6
9. exd5 Nxd5 10. Re1 Bf6 11. Nbd2 Re8 12. a3 a5 13. Ne4 Be7 14. b3 Qd7 15. Bb2
Rad8 16. c4 Nf6 17. Nxe5 Nxe5 18. Bxe5 Qxd3 19. Qb2 Nxe4 20. Bxe4 Qd2 21. Qxd2
Rxd2 22. Bc3 Rd7 23. Bxa5 Bf6 24. Rac1 Bb2 25. Rb1 Bxa3 26. Bxb7 Rb8 27. Be4 c5
28. Kg2 Kf8 29. Bc2 Ra7 30. Bc3 Bb4 31. Bxb4 Rxb4 32. Re5 Ra5 33. h4 Ke7 34.
Rbe1 Kf6 35. R5e3 Rb6 36. Rf3+ Ke7 37. Bf5 Ra3 38. Ree3 g6 39. Bxe6 Rxe6 40. Rd3
Re5 41. Rd2 h5 42. Rfd3 Kf6 43. Rd6+ Re6 44. R2d3 Rxd6 45. Rxd6+ Ke7 46. Rb6 Ra2
47. Kf3 Rb2 48. Ke3 Kd7 49. f3 Kc7 50. Rf6 Rxb3+ 51. Ke4 Rb2 52. Rxf7+ Kb6 53.
Rf6+ Ka5 54. Kd5 g5 55. hxg5 Rg2 56. Kxc5 Rxg3 57. f4 h4 58. Kd4 h3 59. Rh6 Kb4
60. c5 Rg4 61. Ke5 1-0

[Event "ch-CHN w 2016"]
[Site "Xinghua CHN"]
[Date "2016.04.18"]
[Round "2.6"]
[White "Yuan, Ye"]
[Black "Wang, Jue"]
[Result "1/2-1/2"]
[BlackTitle "WGM"]
[WhiteElo "2212"]
[BlackElo "2380"]
[WhiteFideId "8608415"]
[BlackFideId "8604070"]
[EventDate "2016.04.17"]

1. d4 Nf6 2. c4 e6 3. g3 c5 4. d5 exd5 5. cxd5 b5 6. e4 Nxe4 7. Qe2 Qe7 8. Bg2
Nd6 9. Be3 Na6 10. Nc3 b4 11. Na4 g6 12. Rc1 c4 13. Nf3 Bb7 14. Nd2 Bg7 15. Nxc4
O-O 16. Na5 Bc8 17. O-O Qd8 18. Nb3 Nb8 19. Qg4 Nf5 20. Qxb4 Nxe3 21. fxe3 d6
22. Na5 Qe7 23. Rfe1 Bf5 24. Nc4 Rd8 25. e4 Bd4+ 26. Kh1 Bc8 27. e5 Ba6 28. Qd2
Bxc4 29. Qxd4 Ba6 30. exd6 Qxd6 31. Nc5 Nd7 32. Ne4 Qb6 33. Qxb6 axb6 34. Rc7
Kf8 35. Nd6 Rab8 36. b4 Bd3 37. g4 Ne5 38. Rxe5 Rxd6 39. Ree7 Rf6 40. g5 Rf4 41.
h3 Rd8 42. Kh2 Bc4 43. Kg3 Rf5 44. Be4 Rf1 45. Bg2 Rf5 46. Be4 Rf1 47. Kg2 Rf4
48. Kg3 Rf1 49. Bg2 Rf5 50. Be4 1/2-1/2

[Event "ch-CHN w 2016"]
[Site "Xinghua CHN"]
[Date "2016.04.19"]
[Round "3.1"]
[White "Wang, Jue"]
[Black "Zhai, Mo"]
[Result "1-0"]
[WhiteTitle "WGM"]
[BlackTitle "WGM"]
[WhiteElo "2380"]
[BlackElo "2371"]
[WhiteFideId "8604070"]
[BlackFideId "8600201"]
[EventDate "2016.04.17"]

1. e4 e5 2. Nf3 Nc6 3. Bb5 a6 4. Ba4 Nf6 5. d3 b5 6. Bb3 Bc5 7. O-O d6 8. c3 Bb6
9. Re1 h6 10. Nbd2 Ne7 11. Nf1 Ng6 12. Ng3 O-O 13. h3 Re8 14. d4 c6 15. Bc2 Be6
16. Be3 Qc7 17. Qc1 d5 18. dxe5 Bxe3 19. Qxe3 Nd7 20. a4 Ndxe5 21. Nd4 Nc4 22.
Qc1 bxa4 23. Rxa4 Bd7 24. exd5 Rxe1+ 25. Qxe1 cxd5 26. Ra2 Qb6 27. b3 Nce5 28.
Qd2 Qf6 29. Bf5 Be8 30. Ra5 Ne7 31. Qa2 Qb6 32. Qa3 Ra7 33. Bc2 g6 34. Nge2 Kg7
35. c4 N5c6 36. Nxc6 Qxc6 37. c5 Bd7 38. Bd3 Bc8 39. b4 Rd7 40. b5 axb5 41. Bxb5
Qe6 42. Bxd7 Bxd7 43. Qc3+ Kh7 44. Ra8 Bc8 45. Nf4 Qc6 46. Ra7 1-0

[Event "ch-CHN w 2016"]
[Site "Xinghua CHN"]
[Date "2016.04.19"]
[Round "3.2"]
[White "Wang, Doudou"]
[Black "Yuan, Ye"]
[Result "1/2-1/2"]
[WhiteTitle "WIM"]
[WhiteElo "2234"]
[BlackElo "2212"]
[WhiteFideId "8603197"]
[BlackFideId "8608415"]
[EventDate "2016.04.17"]

1. d4 Nf6 2. c4 g6 3. Nc3 d5 4. Bg5 Bg7 5. Nf3 dxc4 6. e3 Be6 7. Be2 c6 8. O-O
O-O 9. Nd2 b5 10. a4 Nd5 11. axb5 Nxc3 12. bxc3 f6 13. b6 Qxb6 14. Bf4 Bf7 15.
Nxc4 Qd8 16. Qb1 Nd7 17. Qb7 e5 18. dxe5 fxe5 19. Bg3 e4 20. Rfd1 Bd5 21. Rxa7
Rxa7 22. Qxa7 Bxc3 23. h3 h5 24. Rb1 h4 25. Bf4 g5 26. Bxg5 Qxg5 27. Qxd7 Qf6
28. Qg4+ Kh8 29. Qh5+ Kg8 30. Qg4+ Kh8 31. Qh5+ 1/2-1/2

[Event "ch-CHN w 2016"]
[Site "Xinghua CHN"]
[Date "2016.04.19"]
[Round "3.3"]
[White "Hong, Xing"]
[Black "Lei, Tingjie"]
[Result "0-1"]
[BlackTitle "WGM"]
[WhiteElo "1986"]
[BlackElo "2504"]
[WhiteFideId "8606129"]
[BlackFideId "8605114"]
[EventDate "2016.04.17"]

1. e4 e5 2. Nf3 Nf6 3. Nxe5 d6 4. Nf3 Nxe4 5. Nc3 Nf6 6. d4 Be7 7. Bf4 O-O 8.
Qd2 c6 9. O-O-O b5 10. Bd3 b4 11. Ne4 Nd5 12. Neg5 h6 13. Nh7 Qa5 14. Nxf8 Qxa2
15. Qe2 Kxf8 16. Bc4 b3 17. Bxd5 cxd5 18. Qd3 bxc2 19. Qxc2 Be6 20. Qh7 Ke8 21.
Qb1 Qa5 22. Bd2 Qb5 23. Bc3 Nd7 24. Qd3 Qb6 25. Rhe1 Nf6 26. Nd2 Rc8 27. f3 Kf8
28. g4 Bd7 29. Nb1 Ng8 30. Na3 Ba4 31. Qf5 Qb7 32. Rd2 Bg5 33. h4 Bxh4 34. Rf1
Bg5 35. f4 Bd7 36. Qd3 Bd8 37. Rg2 Nf6 38. g5 Ne4 39. gxh6 gxh6 40. Rfg1 Qb3 41.
Nb1 Bf5 42. Qa6 Qb8 43. Qa4 Ke7 44. Rg8 Bb6 45. Rxc8 Qxc8 46. Rh1 Qg8 47. Qd1
Qg3 48. Qf1 Qe3+ 49. Bd2 Qxd4 50. Rxh6 Nxd2 51. Nxd2 Qc5+ 52. Kd1 Qc2+ 53. Ke1
Bg4 54. Nf3 Ba5+ 0-1

[Event "ch-CHN w 2016"]
[Site "Xinghua CHN"]
[Date "2016.04.19"]
[Round "3.4"]
[White "Gu, Tianlu"]
[Black "Zhu, Jiner"]
[Result "1-0"]
[WhiteTitle "WIM"]
[WhiteElo "2255"]
[BlackElo "2095"]
[WhiteFideId "8603995"]
[BlackFideId "8608059"]
[EventDate "2016.04.17"]

1. e4 c5 2. Nf3 d6 3. d4 Nf6 4. Nc3 cxd4 5. Nxd4 a6 6. h3 e6 7. g4 Nfd7 8. Bg2
Nc6 9. O-O Be7 10. Be3 Nde5 11. b3 Ng6 12. Nce2 O-O 13. c3 Qc7 14. f4 Re8 15.
Rc1 Bf8 16. g5 e5 17. f5 exd4 18. fxg6 hxg6 19. cxd4 Qd8 20. Nc3 f5 21. exf5
Bxf5 22. Rxf5 Rxe3 23. Bd5+ Kh7 24. Qg4 Rg3+ 25. Qxg3 gxf5 26. Qh4+ Kg6 27. Kh1
Ne7 28. Be6 Rc8 29. Bxc8 Qxc8 30. Ne2 Qe8 31. Nf4+ Kf7 32. g6+ Nxg6 33. Nxg6 Qe3
34. Rg1 Qf3+ 35. Rg2 Qf1+ 36. Kh2 1-0

[Event "ch-CHN w 2016"]
[Site "Xinghua CHN"]
[Date "2016.04.19"]
[Round "3.5"]
[White "Zhang, Xiaowen"]
[Black "Xiao, Yiyi"]
[Result "1/2-1/2"]
[WhiteTitle "WGM"]
[BlackTitle "WFM"]
[WhiteElo "2374"]
[BlackElo "2222"]
[WhiteFideId "8603219"]
[BlackFideId "8606161"]
[EventDate "2016.04.17"]

1. e4 e5 2. Nf3 Nc6 3. Bb5 Nf6 4. d3 d6 5. c3 Be7 6. O-O O-O 7. Re1 a6 8. Ba4 b5
9. Bb3 Na5 10. Bc2 c5 11. Nbd2 Nc6 12. Nf1 h6 13. h3 Re8 14. Ng3 Be6 15. d4 cxd4
16. cxd4 exd4 17. Nxd4 Nxd4 18. Qxd4 Qc7 19. Bb3 Bxb3 20. axb3 d5 21. e5 Bc5 22.
Qc3 Qb6 23. Qf3 Ne4 24. Nxe4 Rxe5 25. Bxh6 dxe4 26. Rxe4 Bxf2+ 27. Kh1 Rxe4 28.
Qxe4 Rf8 29. Bd2 Bd4 30. Bc3 Bxc3 31. bxc3 Qf6 32. Rc1 1/2-1/2

[Event "ch-CHN w 2016"]
[Site "Xinghua CHN"]
[Date "2016.04.19"]
[Round "3.6"]
[White "Guo, Qi"]
[Black "Tan, Zhongyi"]
[Result "1/2-1/2"]
[WhiteTitle "IM"]
[BlackTitle "WGM"]
[WhiteElo "2436"]
[BlackElo "2518"]
[WhiteFideId "8604002"]
[BlackFideId "8603642"]
[EventDate "2016.04.17"]

1. d4 Nf6 2. Nf3 e6 3. c4 b6 4. g3 Bb4+ 5. Bd2 Be7 6. Bg2 Bb7 7. O-O c6 8. Qc2
d5 9. Bf4 O-O 10. Nbd2 Nh5 11. cxd5 cxd5 12. Bxb8 Qxb8 13. Rfc1 Nf6 14. Ne5 Rc8
15. Qa4 a6 16. Nc6 Rxc6 17. Rxc6 Qe8 18. Rac1 Bc5 19. dxc5 Bxc6 20. Qa3 bxc5 21.
Rxc5 Bb5 22. e3 h6 23. Qc3 Rd8 24. Bf1 Bxf1 25. Kxf1 e5 26. Qa5 Qd7 27. Kg2 d4
28. e4 Rb8 29. b3 Rb5 30. Rxb5 axb5 31. a4 bxa4 32. bxa4 Qc6 33. Qxe5 Qxa4 34.
Qd6 Qa1 35. e5 Qa8+ 36. Nf3 Ne4 37. Qxd4 Ng5 38. Qd3 Qa5 39. Nxg5 hxg5 40. Qe4
Qc5 41. e6 fxe6 42. Qxe6+ Kh7 43. f3 g6 44. Kh3 Kh6 45. Qe2 Qf5+ 46. Kg2 Qc5 47.
Qb2 Kh7 48. Qd2 Kg7 49. Qf2 Qd5 50. Qa7+ Kh6 51. Qe3 Kg7 52. Qe4 Qb5 53. Qd4+
Kh7 54. Kf2 Qf5 55. h4 Qc2+ 56. Kg1 gxh4 57. Qxh4+ Kg8 58. Qe4 Qc5+ 59. Kg2 Kg7
60. f4 Kf6 61. Kf3 Qc3+ 62. Kg2 Qd2+ 63. Kh3 Qd1 64. Qe5+ Kf7 65. g4 Qd3+ 66.
Kg2 Qd2+ 67. Kg3 Qd3+ 68. Kh4 Qd8+ 69. g5 Qd3 70. Qf6+ Kg8 71. Qe6+ Kg7 72. Qe5+
Kg8 73. Kg4 Qd1+ 74. Kg3 Qd3+ 75. Kf2 Kf7 76. Qf6+ Kg8 77. Qe6+ Kg7 78. Qe7+ Kg8
79. Qe3 Qc2+ 80. Kf3 Kf7 81. Qa7+ Kf8 82. Qa8+ Kf7 83. Qb7+ Kf8 84. Qe4 Qd1+ 85.
Kf2 Qd6 86. Kf3 Qd1+ 87. Kf2 Qd6 88. Ke3 Qa3+ 89. Qd3 Qxd3+ 90. Kxd3 Ke7 91. Ke3
Kd7 92. Kf3 Ke7 93. Ke4 Ke6 94. Kd3 Ke7 95. Kc4 Ke6 96. Kd4 Kd6 97. Ke4 Ke6 98.
Kf3 Ke7 99. Ke3 Kd7 100. Kf3 Ke7 101. Ke4 1/2-1/2

[Event "ch-CHN w 2016"]
[Site "Xinghua CHN"]
[Date "2016.04.20"]
[Round "4.1"]
[White "Zhai, Mo"]
[Black "Tan, Zhongyi"]
[Result "1/2-1/2"]
[WhiteTitle "WGM"]
[BlackTitle "WGM"]
[WhiteElo "2371"]
[BlackElo "2518"]
[WhiteFideId "8600201"]
[BlackFideId "8603642"]
[EventDate "2016.04.17"]

1. d4 Nf6 2. c4 e6 3. Nc3 Bb4 4. Bd2 O-O 5. Nf3 d6 6. e3 Nbd7 7. a3 Bxc3 8. Bxc3
Ne4 9. Qc2 Nxc3 10. Qxc3 Qe7 11. Be2 e5 12. O-O e4 13. Nd2 f5 14. f3 Nf6 15.
fxe4 fxe4 16. d5 Bg4 17. Bxg4 Nxg4 18. h3 Nh6 19. Qd4 Nf5 20. Qxe4 Qxe4 21. Nxe4
Nxe3 22. Rxf8+ Rxf8 23. Re1 Nc2 24. Re2 Nd4 25. Rd2 Nf5 26. Ng5 Ne3 27. Re2 Rf1+
28. Kh2 Nxc4 29. Rc2 h6 30. Rxc4 hxg5 31. Rxc7 Rf7 32. Rc8+ Rf8 33. Rc7 Rf7 34.
Rc8+ Rf8 35. Rc4 Rf5 36. Rc7 Rf7 1/2-1/2

[Event "ch-CHN w 2016"]
[Site "Xinghua CHN"]
[Date "2016.04.20"]
[Round "4.2"]
[White "Xiao, Yiyi"]
[Black "Guo, Qi"]
[Result "0-1"]
[WhiteTitle "WFM"]
[BlackTitle "IM"]
[WhiteElo "2222"]
[BlackElo "2436"]
[WhiteFideId "8606161"]
[BlackFideId "8604002"]
[EventDate "2016.04.17"]

1. d4 Nf6 2. c4 e6 3. g3 d5 4. Bg2 dxc4 5. Nf3 a6 6. O-O Nc6 7. e3 Bd7 8. Qe2 b5
9. b3 cxb3 10. axb3 Be7 11. Bb2 O-O 12. Rc1 Nb4 13. Ne5 Rc8 14. Nd2 c5 15. dxc5
Rxc5 16. Rxc5 Bxc5 17. Rd1 Nbd5 18. Ne4 Nxe4 19. Bxe4 Bd6 20. Nxd7 Qxd7 21. Qd3
Rd8 22. Bxh7+ Kh8 23. Qd4 Nf6 24. Bc2 Kg8 25. Qh4 Qe7 26. g4 Bc7 27. Rc1 Qb4 28.
Bxf6 gxf6 29. Qxf6 Qxg4+ 30. Kh1 Qh5 31. Rg1+ Kf8 32. Rg2 Rd7 33. Qc3 a5 34. f4
b4 35. Qc6 Qd5 36. Qxd5 Rxd5 37. f5 exf5 38. Rf2 Re5 39. Rf3 Rc5 40. Bxf5 a4 41.
bxa4 b3 42. Bg6 Kg7 43. Bxf7 b2 44. Ba2 Rc1+ 45. Kg2 Ra1 0-1

[Event "ch-CHN w 2016"]
[Site "Xinghua CHN"]
[Date "2016.04.20"]
[Round "4.3"]
[White "Zhu, Jiner"]
[Black "Zhang, Xiaowen"]
[Result "0-1"]
[BlackTitle "WGM"]
[WhiteElo "2095"]
[BlackElo "2374"]
[WhiteFideId "8608059"]
[BlackFideId "8603219"]
[EventDate "2016.04.17"]

1. e4 e6 2. d4 d5 3. Nc3 Nf6 4. e5 Nfd7 5. f4 c5 6. Nf3 Nc6 7. Be3 Qb6 8. Na4
Qa5+ 9. c3 c4 10. b4 Qc7 11. Be2 Be7 12. O-O O-O 13. Nb2 b5 14. a4 bxa4 15. Nxa4
Rb8 16. g4 a5 17. bxa5 Nxa5 18. Nd2 Bb7 19. f5 Bc6 20. Rf3 Nb3 21. Nxb3 Rxb3 22.
fxe6 fxe6 23. Rxf8+ Bxf8 24. Qc1 Qb8 25. Bd1 Bxa4 26. Rxa4 Rb1 27. Qc2 Qb3 28.
Ra2 Rxd1+ 29. Kf2 Qxc2+ 30. Rxc2 Ba3 31. Ra2 Bc1 32. Ra8+ Kf7 33. Ke2 Rh1 0-1